| 000 | 00431nam a2200145Ia 4500 | ||
|---|---|---|---|
| 008 | 231129s2002||||xx |||||||||||||| ||spa|| | ||
| 020 | _a958-04-6319-0 | ||
| 040 | _bspa | ||
| 082 | _a986.1 R696p | ||
| 100 | _aRodriguez Tinjaca Claudia Alicia | ||
| 245 | 0 | _aPoblaciones. Historia de Colombia: desde el siglo XIX hasta la actualidad | |
| 260 | _c2002 | ||
| 264 | _aNorma | ||
| 942 |
_2ddc _cBKS |
||
| 999 |
_c22867 _d22867 |
||